Państwa, które pokonują Portugalię - Statystyki

Ogólne statystyki
  • Ten quiz został rozwiązany 5 445 razy
  • Średni wynik to 12 z 14
Statystyki odpowiedzi
Ranga Kategoria Państwo % Poprawnych
5 Najbardziej na południe wysunięte państwo europejskie Grecja | Włochy | Malta | Hiszpania
100%
6 Europejskie państwo z największym procentem katolików Watykan | San Marino | Malta | Andora | Chorwacja | Polska
96%
6 Najludniejsze państwo graniczące z tylko jednym krajem Wielka Brytania | Korea Południowa | Kanada | Haiti | Dominikana
92%
2 Największe państwo na Półwyspie Iberyjskim Hiszpania
91%
3 Największa liczba osób mówiących po portugalsku Brazylia | Angola
90%
3 Państwo Europy, którego stolica jest najdalej od jakiejkolwiek innej stolicy Islandia | Rosja
89%
4 Najludniejsze państwo zaczynające się na literę P Pakistan | Polska | Peru
89%
6 Największa produkcja wina na mieszkańca Hiszpania | Włochy | Francja | Chile | Nowa Zelandia
86%
9 Najwięcej zwycięstw na męskich mistrzostwach świata w piłce nożnej bez wygrania tytułu Holandia | Belgia | Szwecja | Rosja | Serbia | Meksyk | Polska | Węgry
86%
2 Europejskie państwo, z najbardziej na zachód wysuniętą stolica Islandia
84%
8 Najwcześniejsze zlegalizowanie związków partnerskich tej samej płci Holandia | Belgia | Hiszpania | Kanada | Republika Południowej Afryki | Norwegia | Szwecja
80%
9 Największy średni wiek obywateli Monako | Japonia | Niemcy | Włochy | Andora | Grecja | San Marino | Słowenia
79%
8 Najniższy współczynnik dzietności Singapur | Tajwan | Korea Południowa | Bośnia i Hercegowina | Grecja | Polska | Rumunia
75%
2 Najbiedniejsze europejskie państwo, które nigdy nie było komunistyczne (2020r., PKB) Grecja
65%
Nie znaleziono quizów pasujących do podanych kryteriów
Rozkład punktacji
Procent ludzi z każdym wynikiem
Percentyl według liczby udzielonych odpowiedzi
Twoja historia wyników
Nie rozwiązałeś tego quizu